| 000 | 00722cam a22002297a 4500 | ||
|---|---|---|---|
| 001 | 002090 | ||
| 003 | armpunfd | ||
| 005 | 20140612090658.0 | ||
| 008 | 070510e0####xx#a##########000#0#und#d | ||
| 040 |
_aarmpunfd _carmpunfd |
||
| 080 | _a349.6 AC 22 | ||
| 245 | 1 | 0 | _aEl acceso a la informacion publica en la provincia de buenos aires |
| 260 |
_a Uenos Aires : Fundacion Ambiente Y Recursos Naturales _b2006. Isbn: 10:987-20681-8-6 51 P. |
||
| 650 | 7 |
_a Derecho Ambiental _2LEMB |
|
| 650 | 7 |
_a Recursos Naturales _2LEMB |
|
| 942 |
_cLB _2cdu |
||
| 945 |
_aCatalis _d2010-08-19 |
||
| 945 |
_aCatalis _d2010-08-19 |
||
| 945 |
_aCatalis _d2010-08-19 |
||
| 945 |
_aCatalis _d2010-08-19 |
||
| 945 |
_aCatalis _d2010-08-19 |
||
| 999 |
_c2081 _d232585 |
||